header

Proliferation of weapons of mass destruction in the Middle East (Record no. 202951)

MARC details
000 -LEADER
fixed length control field 01720nam a2200385Ia 4500
082 04 - DEWEY DECIMAL CLASSIFICATION NUMBER
Classification number 327.1/745/0956
245 00 - TITLE STATEMENT
Title Proliferation of weapons of mass destruction in the Middle East
250 ## - EDITION STATEMENT
Edition statement 1st ed.
260 ## - PUBLICATION, DISTRIBUTION, ETC. (IMPRINT)
Place of publication New York :
Name of publisher Palgrave Macmillan,
Year of publication 2006.
300 ## - PHYSICAL DESCRIPTION
Number of Pages xii, 242 p.
490 1# - SERIES STATEMENT
Series statement Initiatives in strategic studies--issues and policies
500 ## - GENERAL NOTE
General note Essays originally presented at a conference held at the Naval Postgraduate School in June 2004.
650 #0 - SUBJECT ADDED ENTRY--TOPICAL TERM
Topical Term Weapons of mass destruction
Topical Term Nuclear nonproliferation
Topical Term Arms control
700 1# - ADDED ENTRY--PERSONAL NAME
Personal name Russell, James A.
856 40 - ELECTRONIC LOCATION AND ACCESS
Uniform Resource Identifier http://site.ebrary.com/lib/rucke/Doc?id=10150455

No items available.

© 2026 Rongo University
Contact us: librarian | system librarian | Rongo university